Normal view
MARC view
- ANALISIS DE TIEMPO -
Entry Materia
001 - NÚMERO DE CONTROL DEL REGISTRO
- campo de control: 43318
003 - IDENTIFICADOR DE NUMERO DE CONTROL
- campo de control: UPN
005 - FECHA Y HORA DE LA ÚLTIMA TRANSACCIÓN
- campo de control: 20210315221338.0
008 - DATOS DE LONGITUD FIJA
- campo de control de longitud fija: 210315|| aca||babn | a|a d
040 ## - FUENTE DE LA CATALOGACIÓN
- Centro catalogador de origen: UPN
150 #4 - ENCABEZAMIENTO - TEMÁTICO
- Término de materia o nombre geográfico como elemento inicial: ANALISIS DE TIEMPO -
- Subdivisión de materia general: MODELOS MATEMATICOS -
- Subdivisión cronológica: ARGENTINA
